Central Library OPAC University of Rajshahi

Elements of the theory of functions / (Record no. 70227)

MARC details
000 -LEADER
fixed length control field 01197nam a2200301 a 4500
001 - CONTROL NUMBER
control field 70227
003 - CONTROL NUMBER IDENTIFIER
rucl marc code BD-RjUL
005 - DATE AND TIME OF LATEST TRANSACTION
control field 20211209081957.0
008 - FIXED-LENGTH DATA ELEMENTS--GENERAL INFORMATION
fixed length control field 170416s1966 enk b 001 0 eng d
035 ## - SYSTEM CONTROL NUMBER
System control number (BD-RjUL)70441
040 ## - CATALOGING SOURCE
Original cataloging agency DLC
Transcribing agency MMeT
Modifying agency BD-RjUL
Language of cataloging eng
041 1# - LANGUAGE CODE
Language code of text/sound track or separate title eng
Language code of original rus
082 ## - DEWEY DECIMAL CLASSIFICATION NUMBER
Classification number 515
Edition number 23
Author mark and year GUE 1966
100 1# - MAIN ENTRY--PERSONAL NAME
Personal name Guter, Rafail Samoĭlovich.
9 (RLIN) 207978
245 10 - TITLE STATEMENT
Title Elements of the theory of functions /
Statement of responsibility, etc. R.S. Guter, L.D. Kudryavtsev [and] B.M. Levitan. Translated by H.F. Cleaves. Translation edited by I.N. Sneddon.
250 ## - EDITION STATEMENT
Edition statement [1st English ed.]
260 ## - PUBLICATION, DISTRIBUTION, ETC. (IMPRINT)
Place of publication, distribution, etc. Oxford;
-- New York:
Name of publisher, distributor, etc. Pergamon Press,
Date of publication, distribution, etc. 1966
300 ## - PHYSICAL DESCRIPTION
Pagination xii, 219 p. ;
Size 23 cm.
504 ## - BIBLIOGRAPHY, ETC. NOTE
Bibliography, etc Includes bibliography and index
650 #0 - SUBJECT ADDED ENTRY--TOPICAL TERM
Topical term or geographic name as entry element Functions.
9 (RLIN) 207980
700 1# - ADDED ENTRY--PERSONAL NAME
Personal name Kudri︠a︡vt︠s︡ev, L. D.
Fuller form of name (Lev Dmitrievich)
Relator term joint author.
Personal name Levitan, Boris Moiseevich,
Relator term joint author.
Personal name Cleaves, H. F.
Personal name Sneddon, I. N.
830 ## - SERIES ADDED ENTRY--UNIFORM TITLE
Uniform title International series of monographs in pure and applied mathematics;
Volume number/sequential designation v. 90
942 ## - ADDED ENTRY ELEMENTS (KOHA)
Source of classification or shelving scheme Dewey Decimal Classification
Koha item type Books
Holdings
Lost status Source of classification or shelving scheme Damaged status Not for loan Collection code Permanent Location Current Location Shelving location Date acquired Source of acquisition Total Checkouts Full call number Date last seen Copy number Koha item type
  Dewey Decimal Classification   Not For Loan Non-fiction Central Library, University of Rajshahi Central Library, University of Rajshahi Reading Room 30/06/1996 R.U.L, Rajshahi   515 GUE 1966 16/04/2017 C-1 Books